01449nam a2200361 a 4500001001200000003000800012006001900020007001500039008004100054010001700095020004200112020003800154020002700192040002100219035002100240050002300261082001500284100002300299245008800322260005900410300001100469504004100480505010000521533015200621650004300773650003200816650003200848655002900880700001800909710001700927856012600944999001701070ebr10700214CaPaEBRm o u cr cn|||||||||130315s2013 cau sb 000 0 eng d z 2013009000 z9781598746891 (hardback : alk. paper) z9781598746907 (pbk. : alk. paper) z9781598746914 (e-book) aCaPaEBRcCaPaEBR a(OCoLC)84287510514aH62b.L4826 2013eb04a300.722231 aLincoln, Yvonna S.14aThe constructivist credoh[electronic resource] /cYvonna S. Lincoln, Egon G. Guba. aWalnut Creek, Calif. :bLeft Coast Press, Inc.,c2013. a208 p. aIncludes bibliographical references.0 apt. 1. The presumptions -- pt. 2. The conjectures -- pt. 3. Constructivist conjectures at work. aElectronic reproduction.bPalo Alto, Calif. :cebrary,d2013.nAvailable via World Wide Web.nAccess may be limited to ebrary affiliated libraries. 0aSocial sciencesxResearchxPhilosophy. 0aConstructivism (Philosophy) 0aConstructivism (Psychology) 7aElectronic books.2local1 aGuba, Egon G.2 aebrary, Inc.40uhttp://site.ebrary.com/lib/rucke/Doc?id=10700214zAn electronic book accessible through the World Wide Web; click to view c21893d21893